000 00253nam a22001217a 4500
008 171104b xxu||||| |||| 00| 0 eng d
041 _aeng
080 _a339.138
100 _a61
101 _aSHTJ
245 _aABC'S
_cFUTRELL, CH.M
942 _2udc
_cBK
999 _c37593
_d37593